| 000 | 00974cam a2200229 4500 | ||
|---|---|---|---|
| 001 | ABS63490 | ||
| 008 | 000000n2000 000 0 eng u | ||
| 035 | _a(Sirsi) u110517 | ||
| 100 | _aUpson, J. | ||
| 245 | _aNoise: an everyday problem for country folk | ||
| 260 | _c2000 | ||
| 490 |
_aFarm Law _v(59) November 2000, 9-15(7) |
||
| 520 | _aExamines many of the issues surrounding noise pollution in the rural environment, including the difficulties of defining what is unreasonable and the impact of context. Observes that the flexibility of the common law, in the form of nuisance, may make it particularly suited to extending legal controls, but that litigation under the common law remains something of a lottery. Examples of case law and the statutory regulations are given. | ||
| 590 | _aABS | ||
| 650 | _aCASE LAW | ||
| 650 | _aCOMMON LAW | ||
| 650 | _aNOISE | ||
| 650 | _aNOISE POLLUTION | ||
| 650 | _aNUISANCE | ||
| 690 |
_aRural _96268 |
||
| 942 | _n0 | ||
| 999 |
_c65876 _d65876 |
||